| 000 | 00405nam a22001697a 4500 | ||
|---|---|---|---|
| 003 | OSt | ||
| 008 | 250403b |||||||| |||| 00| 0 eng d | ||
| 020 | _a9789364557993 | ||
| 082 | _a346.066 KUC | ||
| 100 | _aKUMAR, Anil | ||
| 245 | _aCompany Law | ||
| 250 | _a14th. ed., | ||
| 260 |
_aNew Delhi, _bTaxmann's Publications Pvt. Ltd. _c2025, |
||
| 300 | _a283 p. | ||
| 650 | _aCommerce | ||
| 942 |
_2ddc _cBK |
||
| 999 |
_c13238 _d13238 |
||